MARC details
| 000 -LEADER |
| fixed length control field |
02744nam a22003617a 4500 |
| 001 - CONTROL NUMBER |
| control field |
104249 |
| 003 - CONTROL NUMBER IDENTIFIER |
| control field |
KnowledgeUnlatched |
| 005 - DATE AND TIME OF LATEST TRANSACTION |
| control field |
20210303104937.0 |
| 006 - FIXED-LENGTH DATA ELEMENTS--ADDITIONAL MATERIAL CHARACTERISTICS |
| fixed length control field |
m o d |
| 007 - PHYSICAL DESCRIPTION FIXED FIELD--GENERAL INFORMATION |
| fixed length control field |
cr u|||||||||| |
| 008 - FIXED-LENGTH DATA ELEMENTS--GENERAL INFORMATION |
| fixed length control field |
210129p20202020xx o u00| u eng d |
| 037 ## - SOURCE OF ACQUISITION |
| Institution to which field applies |
BiblioBoard |
| 020 ## - INTERNATIONAL STANDARD BOOK NUMBER |
| International Standard Book Number |
9781526151605 |
| 029 1# - OTHER SYSTEM CONTROL NUMBER (OCLC) |
| OCLC library identifier |
https://library.biblioboard.com/ext/api/media/461bed07-6851-499c-9f06-80e61071c133/assets/thumbnail.jpg |
| 040 ## - CATALOGING SOURCE |
| Original cataloging agency |
ScCtBLL |
| Transcribing agency |
ScCtBLL |
| 100 1# - MAIN ENTRY--PERSONAL NAME |
| Personal name |
Dew, Ben |
| Relator term |
author. |
| 245 00 - TITLE STATEMENT |
| Title |
Commerce, finance and statecraft |
| Remainder of title |
Histories of England, 1600-1780 / |
| Statement of responsibility, etc. |
Ben Dew. |
| 264 #1 - PRODUCTION, PUBLICATION, DISTRIBUTION, MANUFACTURE, AND COPYRIGHT NOTICE |
| Name of producer, publisher, distributor, manufacturer |
Manchester University Press, |
| 300 ## - PHYSICAL DESCRIPTION |
| Extent |
1 online resource (1 p.) |
| 506 0# - RESTRICTIONS ON ACCESS NOTE |
| Terms governing access |
Access copy available to the general public. |
| Standardized terminology for access restriction |
Unrestricted |
| Source of term |
star |
| 520 ## - SUMMARY, ETC. |
| Summary, etc. |
In the seventeenth and eighteenth centuries, historians of England pioneered a series of new approaches to the history of economic policy. Commerce, finance and statecraft charts the development of these forms of writing and explores the role they played in the period's economic, political and historiographical thought. Through doing so, the book makes a significant intervention in the study of historiography, and provides an original account of early-modern and Enlightenment history. A broad selection of historical writing is discussed, ranging from the work of Francis Bacon and William Camden in the Jacobean era, through a series of accounts shaped by the English Civil War and the party-political conflicts that followed it, to the eighteenth-century's major account of British history: David Hume's History of England. Particular attention is paid to the historiographical context in which historians worked and the various ways they copied, adapted and contested one another's narratives. Such an approach enables the study to demonstrate that historical writing was the site of a wide-ranging, politically charged debate concerning the relationship that existed - and should have existed - between government and commerce at various moments in England's past. |
| 588 0# - SOURCE OF DESCRIPTION NOTE |
| Source of description note |
Description based on print version record. |
| 590 ## - LOCAL NOTE (RLIN) |
| Local note |
KU Select 2019: HSS Backlist Books |
| 650 #7 - SUBJECT ADDED ENTRY--TOPICAL TERM |
| Topical term or geographic name entry element |
Business & Economics / Economic History |
| Source of heading or term |
bisacsh |
| 650 #7 - SUBJECT ADDED ENTRY--TOPICAL TERM |
| Topical term or geographic name entry element |
History / Europe / Great Britain |
| Source of heading or term |
bisacsh |
| 650 #0 - SUBJECT ADDED ENTRY--TOPICAL TERM |
| Topical term or geographic name entry element |
Economics |
| 655 #0 - INDEX TERM--GENRE/FORM |
| Genre/form data or focus term |
Electronic books. |
| 758 ## - |
| -- |
Is found in: |
| -- |
Knowledge Unlatched |
| -- |
https://openresearchlibrary.org/module/2774bc74-146a-484f-a7ba-ab1d6a09bbfb |
| 856 40 - ELECTRONIC LOCATION AND ACCESS |
| Uniform Resource Identifier |
<a href="https://openresearchlibrary.org/content/461bed07-6851-499c-9f06-80e61071c133">https://openresearchlibrary.org/content/461bed07-6851-499c-9f06-80e61071c133</a> |
| Public note |
View this content on Open Research Library. |
| -- |
0 |